000 00744nam a22002537a 4500
003 CHAP
005 20220329140849.0
008 971013s1993 r 00010 d
010 _a58882
011 _a59854
035 _a64014
040 _cCHAP
082 _a632.8
_bM32
100 0 0 _aMatthews, Richard Ellis Ford
_eed.
_973085
245 _aDiagnosis of plant virus diseases
260 _aBoca Raton, Fla. :
_bCRC,
_c1993
300 _a374 p.
590 _aBATCH-UPD
_b10
_c20130110
_lUCH01
_h1749
590 _aCONVERSION
_b10
_c20130109
_lUCH01
_h1332
650 1 4 _aPlantas
_xEnfermedades por virus.
_988834
901 _aBK
942 _cLIBRO
949 _a632.8 M32
_bBC
_cLIBRO
_d33724000082194
_eLIBRO
_gI.179899
_h89753
_i64014
_si
_t704.00
999 _c58882
_d58882